[Event "San Francisco TNM Fall op"]
[Site "San Francisco"]
[Date "2016.11.08"]
[Round "4"]
[White "Paquette, James"]
[Black "Mcenroe, Glenn Austin"]
[Result "1-0"]
[WhiteElo "1730"]
[BlackElo "1508"]
[PlyCount "43"]
[EventDate "2016.10.18"]
[EventType "swiss"]
[EventRounds "9"]
[EventCountry "USA"]
[SourceTitle "EXT 2018"]
[Source "ChessBase"]
[SourceDate "2017.10.13"]
[SourceVersion "1"]
[SourceVersionDate "2017.10.13"]
[SourceQuality "1"]

1. d4 Nf6 2. Nf3 g6 3. Nc3 d6 4. e4 Bg7 5. Be2 0-0 6. Be3 b6 7. Qd2 Ng4 8. Bg5 Nf6 9. Bh6 Bb7 10. Bd3 Nbd7 11. h4 c5 12. h5 cxd4 13. hxg6 dxc3 14. Qg5 fxg6 15. Bxg7 Kxg7 16. Qh6+ Kg8 17. Bc4+ d5 18. exd5 Bxd5 19. Bxd5+ Kh8 20. Ng5 Nc5 21. Qxh7+ Nxh7 22. Rxh7# 1-0

[Event "San Francisco TNM Fall op"]
[Site "San Francisco"]
[Date "2016.10.25"]
[Round "2"]
[White "Paquette, James"]
[Black "Pryor, Jamieson"]
[Result "0-1"]
[WhiteElo "1730"]
[BlackElo "2032"]
[PlyCount "97"]
[EventDate "2016.10.18"]
[EventType "swiss"]
[EventRounds "9"]
[EventCountry "USA"]
[SourceTitle "EXT 2018"]
[Source "ChessBase"]
[SourceDate "2017.10.13"]
[SourceVersion "1"]
[SourceVersionDate "2017.10.13"]
[SourceQuality "1"]

1. d4 Nf6 2. Nf3 e6 3. Bg5 d6 4. e4 h6 5. Bxf6 Qxf6 6. e5 Qd8 7. Nc3 d5 8. a3 Bd7 9. Qd2 c5 10. Be2 Qb6 11. 0-0 cxd4 12. Nxd4 Bc5 13. Ndb5 Bxb5 14. Nxb5 Nd7 15. b4 Be7 16. Qf4 a6 17. Nd6+ Bxd6 18. exd6 g5 19. Qg3 Rc8 20. c4 dxc4 21. Qc3 0-0 22. Rfd1 Qd8 23. a4 b5 24. axb5 axb5 25. Ra7 f6 26. Qh3 f5 27. Qxh6 Qf6 28. Qxf6 Nxf6 29. Re7 Rce8 30. Bf3 Ne4 31. Bxe4 fxe4 32. Re1 Rxe7 33. dxe7 Rc8 34. Rxe4 Kf7 35. Kf1 Kxe7 36. Re1 Rd8 37. Ke2 Rd3 38. Rb1 e5 39. f3 Ke6 40. g4 Kd5 41. Rd1 Rxd1 42. Kxd1 c3 43. Kc2 Kd4 44. h3 Ke3 45. Kxc3 Kxf3 46. h4 Kxg4 47. hxg5 Kxg5 48. Kd3 Kf4 49. Ke2 0-1

[Event "San Francisco Benson Memorial"]
[Site "San Francisco"]
[Date "2016.09.06"]
[Round "6"]
[White "Askin, David"]
[Black "Paquette, James"]
[Result "1-0"]
[WhiteElo "1958"]
[BlackElo "1730"]
[PlyCount "111"]
[EventDate "2016.08.02"]
[EventType "swiss"]
[EventRounds "9"]
[EventCountry "USA"]
[SourceTitle "EXT 2018"]
[Source "ChessBase"]
[SourceDate "2017.10.13"]
[SourceVersion "1"]
[SourceVersionDate "2017.10.13"]
[SourceQuality "1"]

1. d4 d6 2. c4 Nf6 3. Nc3 Nbd7 4. e4 e5 5. d5 Be7 6. Be3 h6 7. Bd3 Nf8 8. Nge2 g5 9. b4 Ng6 10. c5 a6 11. Nc1 Nf4 12. Bf1 Ng4 13. cxd6 Nxe3 14. dxe7 Qxe7 15. fxe3 Qxb4 16. Qb3 Qxb3 17. axb3 Nh5 18. Nd3 f6 19. Be2 Ng7 20. 0-0 Ke7 21. d6+ cxd6 22. Nd5+ Kd8 23. Rxf6 Ne8 24. Rf7 Rb8 25. Rc1 Be6 26. Rf2 Rc8 27. Rxc8+ Bxc8 28. Rf7 Bd7 29. Nb6 Bc8 30. Nb2 Nc7 31. N2c4 Nb5 32. Na5 Nc3 33. Bh5 Be6 34. Nxb7+ Ke8 35. Nxd6+ Kd8 36. Nb7+ Ke8 37. Rh7+ Kf8 38. Rxh8+ Kg7 39. Re8 Bxb3 40. Rxe5 Bc2 41. Rc5 Ne2+ 42. Bxe2 Bxe4 43. Nd6 Bg6 44. Nd5 h5 45. Ra5 g4 46. Rxa6 h4 47. Ra7+ Kh6 48. Nf7+ Bxf7 49. Rxf7 g3 50. Bd3 gxh2+ 51. Kxh2 h3 52. Kxh3 Kg5 53. Rg7+ Kh6 54. Rg6+ Kh7 55. Nf6+ Kh8 56. Rg8# 1-0

[Event "San Francisco TNM Summer op"]
[Site "San Francisco"]
[Date "2016.06.14"]
[Round "4"]
[White "Paquette, James"]
[Black "Nassif, Wassim J"]
[Result "1-0"]
[WhiteElo "1651"]
[BlackElo "1131"]
[PlyCount "67"]
[EventDate "2016.05.24"]
[EventType "swiss"]
[EventRounds "8"]
[EventCountry "USA"]
[SourceTitle "EXT 2018"]
[Source "ChessBase"]
[SourceDate "2017.10.13"]
[SourceVersion "1"]
[SourceVersionDate "2017.10.13"]
[SourceQuality "1"]

1. e4 e5 2. Nc3 Nc6 3. Nf3 Nf6 4. Bb5 Bc5 5. Nxe5 Nxe5 6. d4 Bb4 7. dxe5 Nxe4 8. Qd4 Nxc3 9. Qxb4 Nxb5 10. Qxb5 0-0 11. 0-0 b6 12. Qd5 Ba6 13. Rd1 d6 14. exd6 Re8 15. Bg5 Qd7 16. dxc7 Qxc7 17. c3 Bb7 18. Qd2 Qc6 19. f3 Qc5+ 20. Kh1 h6 21. Bh4 Re6 22. Re1 Rae8 23. Rxe6 Rxe6 24. Re1 Rxe1+ 25. Qxe1 Qf5 26. Qc1 Ba6 27. Kg1 Qd3 28. Bf2 g5 29. h4 f6 30. Bd4 Kg7 31. hxg5 hxg5 32. Qxg5+ Kh7 33. Qxf6 Qg6 34. Qh8# 1-0

[Event "San Francisco TNM Spring op"]
[Site "San Francisco"]
[Date "2016.04.19"]
[Round "6"]
[White "Paquette, James"]
[Black "Clemens, Kristian"]
[Result "1/2-1/2"]
[WhiteElo "1677"]
[BlackElo "1918"]
[PlyCount "114"]
[EventDate "2016.03.15"]
[EventType "swiss"]
[EventRounds "8"]
[EventCountry "USA"]
[SourceTitle "EXT 2018"]
[Source "ChessBase"]
[SourceDate "2017.10.13"]
[SourceVersion "1"]
[SourceVersionDate "2017.10.13"]
[SourceQuality "1"]

1. e4 e5 2. Nf3 Nc6 3. Bc4 Bc5 4. b4 Bxb4 5. c3 Ba5 6. d4 exd4 7. 0-0 Nge7 8. cxd4 d5 9. exd5 Nxd5 10. Qb3 Be6 11. Qxb7 Nce7 12. Bb5+ Kf8 13. Ba3 Qc8 14. Qc6 Kg8 15. Bxe7 Nxe7 16. Qc5 Qd8 17. Bd3 Bb6 18. Qc3 Nd5 19. Qd2 Qf6 20. Nc3 Nxc3 21. Qxc3 c5 22. Rfe1 cxd4 23. Qc6 Rd8 24. Bc4 Bd7 25. Qxd7 g6 26. Re8+ Kg7 27. Rxd8 Rxd8 28. Qa4 d3 29. Rd1 Qb2 30. Rd2 Qc1+ 31. Rd1 Qb2 32. Nd2 Qd4 33. Rf1 Qf4 34. Qd1 Ba5 35. Nb3 Bc7 36. g3 Qxc4 37. Qa1+ f6 38. Rc1 Be5 39. Rxc4 Bxa1 40. Rc7+ Kh6 41. Rc1 Bb2 42. Rd1 Bc3 43. Kf1 a5 44. a4 Kg5 45. Nc5 Re8 46. Nxd3 Re4 47. Nc5 Rc4 48. Rd5+ Kh6 49. Ke2 Bb4 50. Nb3 Rc2+ 51. Ke3 Ra2 52. Nxa5 Rxa4 53. Nc6 Ra3+ 54. Rd3 Bc5+ 55. Nd4 Ra8 56. Kf3 Bxd4 57. Rxd4 Ra3+ 1/2-1/2

[Event "San Francisco TNM Winter op"]
[Site "San Francisco"]
[Date "2016.02.16"]
[Round "7"]
[White "Simpkins, Jerry"]
[Black "Paquette, James"]
[Result "0-1"]
[WhiteElo "1512"]
[BlackElo "1676"]
[PlyCount "70"]
[EventDate "2016.01.05"]
[EventType "swiss"]
[EventRounds "8"]
[EventCountry "USA"]
[SourceTitle "EXT 2018"]
[Source "ChessBase"]
[SourceDate "2017.10.13"]
[SourceVersion "1"]
[SourceVersionDate "2017.10.13"]
[SourceQuality "1"]

1. e4 g6 2. f4 Bg7 3. e5 c5 4. c3 Nc6 5. Nf3 d6 6. d4 Qa5 7. Bd2 Qb6 8. Na3 cxd4 9. Nc4 Qc5 10. cxd4 Nxd4 11. Rc1 Nxf3+ 12. Qxf3 dxe5 13. Nxe5 Qd6 14. Bb5+ Kf8 15. Bc3 Nf6 16. Bc4 e6 17. Nd3 Qc6 18. Bb4+ Kg8 19. Qe2 Qe4 20. Qxe4 Nxe4 21. 0-0 Bd4+ 22. Kh1 Kg7 23. g4 Bd7 24. Ne5 Rhd8 25. Nxd7 Rxd7 26. Bb5 Rd5 27. Bc4 Rdd8 28. Kg2 Bxb2 29. Rce1 Nd2 30. Bxd2 Rxd2+ 31. Kh1 Rc8 32. Bb3 Rc3 33. f5 Rh3 34. Re4 Rhxh2+ 35. Kg1 Rdg2# 0-1

[Event "San Francisco TNM Winter op"]
[Site "San Francisco"]
[Date "2016.02.09"]
[Round "6"]
[White "Paquette, James"]
[Black "Capdeville, Barry E"]
[Result "1-0"]
[WhiteElo "1676"]
[BlackElo "1273"]
[PlyCount "107"]
[EventDate "2016.01.05"]
[EventType "swiss"]
[EventRounds "8"]
[EventCountry "USA"]
[SourceTitle "EXT 2018"]
[Source "ChessBase"]
[SourceDate "2017.10.13"]
[SourceVersion "1"]
[SourceVersionDate "2017.10.13"]
[SourceQuality "1"]

1. d4 d5 2. Nf3 e6 3. e3 Nf6 4. Bd3 Be7 5. Nbd2 0-0 6. Ne5 c5 7. b3 cxd4 8. exd4 Bb4 9. Bb2 Bxd2+ 10. Qxd2 Nc6 11. 0-0 Ne4 12. Qe2 f6 13. Nxc6 bxc6 14. Bxe4 dxe4 15. Qxe4 Bd7 16. Rad1 Rc8 17. Rd3 Be8 18. Qxe6+ Bf7 19. Qg4 Bg6 20. Rg3 f5 21. Qg5 Qd7 22. Re3 Rce8 23. Rfe1 Rxe3 24. Rxe3 Rf7 25. Ba3 Rf6 26. Qf4 Re6 27. Rxe6 Qxe6 28. Qe5 Qxe5 29. dxe5 f4 30. Bc5 Bxc2 31. Bxa7 Bb1 32. a3 Bc2 33. b4 Ba4 34. e6 Bb3 35. e7 Kf7 36. Bc5 Ke8 37. f3 g5 38. Kf2 h5 39. g3 Bd1 40. h4 fxg3+ 41. Kxg3 gxh4+ 42. Kxh4 Bxf3 43. a4 Be2 44. a5 Bc4 45. Kxh5 Be2+ 46. Kg5 Kd7 47. Kf6 Bh5 48. a6 Kc7 49. a7 Kb7 50. Kg7 Ka8 51. Kf8 Bg6 52. e8Q+ Bxe8 53. Kxe8 Kb7 54. Kd7 1-0

[Event "San Francisco TNM Winter op"]
[Site "San Francisco"]
[Date "2016.01.12"]
[Round "2"]
[White "Paquette, James"]
[Black "Sachs Weintraub, Julian"]
[Result "0-1"]
[WhiteElo "1676"]
[BlackElo "1369"]
[PlyCount "66"]
[EventDate "2016.01.05"]
[EventType "swiss"]
[EventRounds "8"]
[EventCountry "USA"]
[SourceTitle "EXT 2018"]
[Source "ChessBase"]
[SourceDate "2017.10.13"]
[SourceVersion "1"]
[SourceVersionDate "2017.10.13"]
[SourceQuality "1"]

1. d4 d5 2. Nf3 Nf6 3. e3 g6 4. Be2 Bg7 5. b3 b6 6. Bb2 Ne4 7. Nbd2 Nxd2 8. Qxd2 c5 9. c4 dxc4 10. Bxc4 0-0 11. d5 Bxb2 12. Qxb2 b5 13. Bxb5 Qa5+ 14. Qd2 Qxb5 15. Ne5 Qb4 16. Qxb4 cxb4 17. 0-0 Nd7 18. Nc6 Re8 19. Nxb4 Nf6 20. f3 a5 21. Nc6 Nxd5 22. e4 Nb4 23. Nd4 e5 24. Nb5 Ba6 25. Nc7 Bxf1 26. Nxe8 Rxe8 27. Kxf1 Rc8 28. a3 Nc2 29. Ra2 Ne3+ 30. Kf2 Rc2+ 31. Rxc2 Nxc2 32. b4 axb4 33. axb4 Nxb4 0-1

[Event "San Francisco TNM Fall op"]
[Site "San Francisco"]
[Date "2015.12.08"]
[Round "8"]
[White "Marcus, Joel"]
[Black "Paquette, James"]
[Result "1/2-1/2"]
[WhiteElo "1819"]
[BlackElo "1614"]
[PlyCount "118"]
[EventDate "2015.10.20"]
[EventType "swiss"]
[EventRounds "9"]
[EventCountry "USA"]
[SourceTitle "EXT 2023"]
[Source "ChessBase"]
[SourceDate "2022.10.05"]
[SourceVersion "1"]
[SourceVersionDate "2022.10.05"]
[SourceQuality "1"]

1. d4 d6 2. Nf3 Nf6 3. Bf4 Nbd7 4. e3 Nh5 5. Bg3 Nxg3 6. hxg3 e5 7. Nbd2 exd4 8. Nxd4 Nf6 9. Bd3 Bg4 10. f3 Bd7 11. Qe2 Qe7 12. 0-0-0 0-0-0 13. e4 Qe5 14. Qf2 Qa5 15. Kb1 c5 16. N4b3 Qb6 17. Nc4 Qc7 18. Ne3 g6 19. Bc4 Be6 20. Bd5 Nxd5 21. Nxd5 Qc6 22. Qe3 Kb8 23. Qc3 Rg8 24. Rxh7 b6 25. a3 Ka8 26. Nd4 Qc8 27. Nb5 Bxd5 28. Rxd5 a6 29. Nd4 cxd4 30. Qxd4 Qc6 31. Rxf7 Rc8 32. c3 Rc7 33. Rxc7 Qxc7 34. Qa4 Ka7 35. e5 Rg7 36. Qe8 Be7 37. Qh8 Rf7 38. Qg8 Bf8 39. Qxg6 dxe5 40. Rxe5 Rxf3 41. Rf5 Rxf5 42. Qxf5 Bd6 43. g4 Qe7 44. g5 Be5 45. g6 Qg7 46. Qf7+ Kb8 47. g4 Kc8 48. Kc2 Kd8 49. g5 Qxf7 50. gxf7 Ke7 51. g6 Bg7 52. Kd3 Kf6 53. a4 Kxg6 54. Kc4 Bf8 55. Kd5 Kxf7 56. Kc6 b5 57. axb5 axb5 58. Kxb5 Bg7 59. Kc5 Ke7 1/2-1/2

[Event "San Francisco TNM Summer op"]
[Site "San Francisco"]
[Date "2015.06.16"]
[Round "4"]
[White "Smail, Benedict"]
[Black "Paquette, James"]
[Result "1-0"]
[WhiteElo "2257"]
[BlackElo "1456"]
[PlyCount "33"]
[EventDate "2015.05.26"]
[EventType "swiss"]
[EventRounds "8"]
[EventCountry "USA"]
[SourceTitle "EXT 2016"]
[Source "ChessBase"]
[SourceDate "2015.10.08"]
[SourceVersion "1"]
[SourceVersionDate "2015.10.08"]
[SourceQuality "1"]

1. d4 g6 2. e4 Bg7 3. Nc3 c5 4. dxc5 Qa5 5. Bd2 Qxc5 6. Nd5 e6 7. Bb4 Qd4 8. Qxd4 Bxd4 9. Nc7+ Kd8 10. Nxa8 Nf6 11. c3 Nc6 12. Bd6 Nxe4 13. Bc7+ Ke7 14. cxd4 Nxd4 15. Bd3 f5 16. Be5 Nc5 17. 0-0-0 1-0

[Event "San Francisco TNM Spring op"]
[Site "San Francisco"]
[Date "2015.04.07"]
[Round "4"]
[White "Paquette, James"]
[Black "Cohee, James"]
[Result "1/2-1/2"]
[WhiteElo "1381"]
[BlackElo "1653"]
[PlyCount "70"]
[EventDate "2015.03.17"]
[EventType "swiss"]
[EventRounds "8"]
[EventCountry "USA"]
[SourceTitle "EXT 2016"]
[Source "ChessBase"]
[SourceDate "2015.10.08"]
[SourceVersion "1"]
[SourceVersionDate "2015.10.08"]
[SourceQuality "1"]

1. d4 d5 2. Nf3 c6 3. e3 Bg4 4. Bd3 e6 5. b3 Nf6 6. Bb2 Nbd7 7. Nbd2 Bd6 8. 0-0 0-0 9. c4 Re8 10. Qc2 Qb8 11. h3 Bh5 12. Ng5 Nf8 13. f4 Bg6 14. Bxg6 Nxg6 15. Ngf3 Nd7 16. Ne5 Qd8 17. Ndf3 Ndxe5 18. fxe5 Be7 19. g3 Rc8 20. h4 h6 21. h5 Nf8 22. g4 Nh7 23. Qf2 Rf8 24. Rae1 Ng5 25. Nxg5 Bxg5 26. Re2 f5 27. exf6 Rxf6 28. Qg2 Qf8 29. e4 Rc7 30. exd5 Rxf1+ 31. Qxf1 Qxf1+ 32. Kxf1 Rf7+ 33. Rf2 exd5 34. Rxf7 Kxf7 35. cxd5 cxd5 1/2-1/2

[Event "San Francisco TNM Winter op"]
[Site "San Francisco"]
[Date "2015.01.27"]
[Round "4"]
[White "Paquette, James"]
[Black "Nagle, Michael P"]
[Result "1/2-1/2"]
[WhiteElo "1438"]
[BlackElo "1465"]
[PlyCount "121"]
[EventDate "2015.01.06"]
[EventType "swiss"]
[EventRounds "8"]
[EventCountry "USA"]
[SourceTitle "EXT 2016"]
[Source "ChessBase"]
[SourceDate "2015.10.08"]
[SourceVersion "1"]
[SourceVersionDate "2015.10.08"]
[SourceQuality "1"]

1. d4 Nf6 2. Nf3 g6 3. Bg5 Bg7 4. Nbd2 d6 5. e4 0-0 6. Bd3 Nbd7 7. Nc4 c6 8. e5 dxe5 9. dxe5 Ng4 10. Bf4 b5 11. Nd4 bxc4 12. Nxc6 Qb6 13. Nxe7+ Kh8 14. Qxg4 Qb4+ 15. c3 Qxe7 16. Bxc4 Nxe5 17. Qe2 Re8 18. 0-0 Nxc4 19. Qxc4 Qf6 20. Rfe1 Ba6 21. Rxe8+ Rxe8 22. Qc7 Qe7 23. g3 Qxc7 24. Bxc7 Re2 25. Rd1 Bf6 26. Rd6 Bb7 27. Kf1 Re6 28. Rxe6 fxe6 29. Ke2 Bd5 30. a3 Bb3 31. Ke3 Kg7 32. f4 g5 33. Be5 gxf4+ 34. gxf4 Kg6 35. Ke4 Bc2+ 36. Kd4 Bd8 37. b4 Bb6+ 38. Kc4 a6 39. Bd4 Bxd4 40. Kxd4 Kf5 41. Ke3 Bb3 42. Kf3 h5 43. h4 Bd5+ 44. Ke3 Kg4 45. Kd4 Kxf4 46. c4 Bc6 47. Kc5 Ba4 48. b5 axb5 49. cxb5 Bxb5 50. Kxb5 e5 51. Kc4 Kf3 52. a4 e4 53. a5 e3 54. a6 e2 55. a7 e1Q 56. a8Q+ Qe4+ 57. Qxe4+ Kxe4 58. Kc3 Kf4 59. Kd3 Kg4 60. Ke3 Kxh4 61. Kf4 1/2-1/2

[Event "San Francisco TNM Jay Whitehead op"]
[Site "San Francisco"]
[Date "2014.08.26"]
[Round "4"]
[White "Standen, Julian"]
[Black "Paquette, James"]
[Result "1-0"]
[WhiteElo "1665"]
[BlackElo "1320"]
[PlyCount "95"]
[EventDate "2014.08.05"]
[EventType "swiss"]
[EventRounds "9"]
[EventCountry "USA"]
[SourceTitle "EXT 2016"]
[Source "ChessBase"]
[SourceDate "2015.10.08"]
[SourceVersion "1"]
[SourceVersionDate "2015.10.08"]
[SourceQuality "1"]

1. d4 g6 2. Nf3 Bg7 3. e4 c5 4. dxc5 Qa5+ 5. c3 Qxc5 6. Be2 Nf6 7. Qc2 0-0 8. 0-0 d5 9. Be3 Qc7 10. Nbd2 dxe4 11. Nxe4 Nxe4 12. Qxe4 Bf5 13. Qc4 Qxc4 14. Bxc4 Nc6 15. Rfd1 e6 16. Rd2 b6 17. Rad1 Rad8 18. Kf1 Rxd2 19. Rxd2 Rd8 20. Ke1 Rxd2 21. Kxd2 Ne5 22. Nxe5 Bxe5 23. h3 Kf8 24. Bd3 Ke7 25. Bxf5 exf5 26. Kd3 Kd6 27. b3 Kc6 28. Bd4 Bxd4 29. Kxd4 f6 30. c4 a5 31. a3 Kd6 32. b4 axb4 33. axb4 Kc6 34. c5 bxc5+ 35. bxc5 h6 36. Kc4 g5 37. Kd4 h5 38. Kc4 h4 39. f3 f4 40. Kd4 f5 41. Ke5 Kxc5 42. Kxf5 Kd4 43. Kxg5 Ke3 44. Kxh4 Kf2 45. Kg4 Kxg2 46. h4 Kf2 47. h5 Ke3 48. h6 1-0